000 00985cab a2200301 4500
001 ABS46419
008 090401t1992 xxu||||| |||| 00| 0 eng d
035 _a(Sirsi) u58126
041 _aeng
100 _aPeacock, B.
245 _aSite investigation and risk analysis
260 _c1992
350 _a0
490 _aProceedings of the Institution of Civil Engineers
_v92(2) May 1992, 74-81(8)
520 _aSeeks to dispel scepticism among clients that proper site investigation at the beginning of projects can lead to significant economic return. Shows how risk analysis with programmes such as CASPAR and MIRA can be employed. Case studies included.
650 _aCASPAR
650 _aFACTORIES
650 _aMIRA
650 _aRISK ANALYSIS
650 _aRISK MANAGEMENT
650 _aSITE INVESTIGATION
650 _aSUPERMARKETS
690 _aLAND
690 _aProject management
_96261
700 _aWhyte, I.L.
942 _n0
948 _c04/03/1997
999 _c35461
_d35461